000 00547nam a2200193Ia 4500
005 20260120124539.0
008 008 260114s9999 xx 000 0 eng d
020 _a9781783504879
037 _aEBOOK
040 _aCRL
_beng
_cCRL
041 _aeng
_2eng
084 _qCRL
245 0 _aResearch in Economic History
260 _bEmerald Publishing
_c2014
700 _aChristopher Hanes
_9907620
856 _uhttps://www.emerald.com/insight/publication/doi/10.1108/S0363-3268(2014)30
942 _cEBOOK
999 _c1499495
_d1499495